Quizzes
Events
Quiz Creation
Community
Videos
Private Events
Remove Ads
Sign In
Join for FREE
Feedback
Dark Mode
Quiz Categories
Sports
Geography
Music
Movies
Television
Just For Fun
Miscellaneous
History
Literature
Language
Science
Gaming
Entertainment
Religion
Holiday
For Kids
Quiz Lab
Recent
Popular Today
Quiz Kudos Today
Editor Picks
Curator Picks
Quizzes by...
Day
Popularity
Type
Ratings
Length
Year
Community
Subscriptions
Recent Discussions
Orange Saloon
Badges
Playlists
Quests
Create
Leaderboards
Showdown
Live 5
Trivia Bingo
Activity
Puzzle Library
Sporcle Events
Private Events
Virtual Trivia
Globe League
Become a Host
Pub Owners
SporcleCon
Opinionation
Our Games
Videos
Blog
Mobile Apps
Partnerships
Remove Ads and Go Orange
Feedback
Movies
Disney
Marvel Cinematic Universe
Movie Resume
Movie Titles
Oscar
Actor
Actress
Director
Pixar
Role
Movie Quotes
Movie Characters
Box Office
Nominee
Best Picture
Star Wars
James Bond
Horror Movies
Movies
Disney
Marvel Cinematic Universe
Movie Resume
Movie Titles
Oscar
Actor
Actress
Director
Pixar
Role
Movie Quotes
Movie Characters
Box Office
Nominee
Best Picture
Star Wars
James Bond
Horror Movies
Random Quiz
Search Sporcle
×
Editor Pick
Editor Pick
Movies
Disney
Type in answers that appear in a list
Type in answers that appear in a list
Classic
Best Score? Go Orange.
Disney Songs by ANY Word Stats
Can you name the Disney Songs by entering any word that is in the title of the song?
By
Tolkienite
10m
257 Questions
11.5K Plays
11,536 Plays
11,536 Plays
Comments
Comments
Give Quiz Kudos
Give Quiz Kudos
-
- Ratings
hide this ad
More Info
Replay
Link that replays current quiz
Next Quiz
Link to next quiz in quiz playlist
You Got
0%
They Got
Avg Score
71%
Avg Friend Score
Upgrade to see
Score Distribution
Jump to the score distribution portion of the page
Score
0/257
Timer
10:00
1
Play Today
Movie
Song
% Correct
Alice In Wonderland
A-E-I-O-U
99.3%
Bambi
Looking For Romance (I Bring You A Song)
98.9%
Frozen
Do You Want to Build a Snowman
98.6%
The Lion King
I Just Can't Wait to Be King
98.5%
The Jungle Book
I Wanna Be Like You
98.4%
Pinocchio
When You Wish Upon a Star
98.3%
Alice In Wonderland
A Very Merry Un-birthday (The Un-birthday Song)
98.3%
The Aristocats
Ev'rybody Wants To Be a Cat
98.3%
Tangled
I See the Light
98.2%
Bambi
Love is a Song
98%
Alice In Wonderland
In a World of My Own
98%
Home on the Range
Anytime You Need A Friend
97.9%
Wreck-
It Ralph
When Can I See You Again?
97.8%
The Lion King
Can You Feel the Love Tonight?
97.8%
Dumbo
When I see an Elephant Fly
97.8%
Cinderella
A Dream Is a Wish Your Heart Makes
97.7%
The Great Mouse Detective
Let Me Be Good To You
97.7%
The Hunchback of Notre Dame
A Guy Like You
97.7%
Winnie the Pooh
A Very Important Thing to Do
97.7%
Fun and Fancy Free
I'm A Happy-Go-Lucky Fellow
97.7%
Oliver and Company
Once Upon A Time in New York City
97.6%
Mulan
I'll Make a Man Out of You
97.5%
Hercules
I Won't Say I'm in Love
97.5%
Sleeping Beauty
Once Upon a Dream
97.4%
Aladdin
A Whole New World
97.4%
The Many Adventures of Winnie the Pooh
(I'm Just A) Little Black Raincloud
97.3%
Fun and Fancy Free
My, What a Happy Day
97.3%
Winnie the Pooh
A Pooh Bear Takes Care of His Tummy
97.3%
Pinocchio
Give a Little Whistle
97.3%
Alice In Wonderland
All in a Golden Afternoon
97.3%
Tangled
I've Got A Dream
97.3%
Lady and the Tramp
What is a Baby?
97.2%
Mulan
A Girl Worth Fighting For
97.2%
Pocahontas
Colors of the Wind
97.2%
Bambi
Let's Sing a Gay Little Spring Song
97.1%
Hercules
A Star is Born
97.1%
Lady and the Tramp
He's a Tramp
97%
Snow White and the Seven Dwarfs
With a Smile and a Song
97%
The Many Adventures of Winnie the Pooh
What a Rather Blustery Day
97%
Fun and Fancy Free
Say It With a Slap
97%
The Fox and the Hound
A Huntin' Man
97%
Melody Time
Once Upon a Wintertime
97%
Home on the Range
(You Ain't) Home On The Range
96.9%
Frozen
For the First Time in Forever
96.9%
Pocahontas
If I Never Knew You
96.9%
Princess and the Frog
Dig A Little Deeper
96.9%
Peter Pan
A Pirate's Life
96.9%
Bolt
I Thought I Lost You
96.8%
The Sword in the Stone
A Most Befuddling Thing
96.7%
The Sword in the Stone
That's What Makes the World Go Round
96.6%
Atlantis: The Lost Empire
Where the Dream Takes You
96.3%
Hercules
Go the Distance
96.1%
Tangled
Something That I Want
95.9%
Beauty and the Beast
Beauty and the Beast
95.8%
Oliver and Company
Why Should I Worry?
95.7%
Tarzan
You'll Be in My Heart
95.7%
The Little Mermaid
Under The Sea
95.7%
Melody Time
Blame It on the Samba
95.6%
Princess and the Frog
Friends on the Other Side
95.6%
Make Mine Music
The Whale Who Wanted to Sing at the Met
95.5%
The Hunchback of Notre Dame
The Bells of Notre Dame
95.4%
Peter Pan
The Second Star to the Right
95.3%
Sleeping Beauty
I Wonder
95.3%
Princess and the Frog
Never Knew I Needed
95.3%
Melody Time
Blue Shadows on the Trail
95.3%
Pocahontas
Just Around the Riverbend
95.2%
The Sword in the Stone
The Legend of the Sword in the Stone
95.2%
Frozen
Let it Go
95.2%
Robin Hood
The Phony King of England
95%
The Little Mermaid
Kiss the Girl
94.8%
The Jungle Book
The Bare Necessities
94.8%
Sleeping Beauty
Hail to the Princess Aurora
94.7%
Dumbo
Song of the Roustabouts
94.5%
The Hunchback of Notre Dame
God Help the Outcasts
94.5%
Cinderella
The Work Song
94.5%
Peter Pan
What Makes the Red Man Red?
94.5%
Make Mine Music
All the Cats Join In
94.4%
Lady and the Tramp
The Siamese Cat Song
94.4%
The Hunchback of Notre Dame
The Court of Miracles
94.2%
Alice In Wonderland
We'll Smoke the Blighter Out
94.1%
Pinocchio
Hi-Diddle-Dee-Dee (An Actor's Life for Me)
94%
Winnie the Pooh
The Backson Song
93.9%
Beauty and the Beast
The Mob Song
93.9%
Frozen
Love Is an Open Door
93.9%
The Many Adventures of Winnie the Pooh
Winnie The Pooh
93.8%
Home on the Range
Will The Sun Ever Shine Again
93.7%
Movie
Song
% Correct
Fun and Fancy Free
Too Good to be True
93.7%
Snow White and the Seven Dwarfs
The Silly Song
93.7%
Pocahontas
Steady as the Beating Drum
93.6%
Alice In Wonderland
The Walrus and the Carpenter
93.6%
The Many Adventures of Winnie the Pooh
Up, Down, Touch The Ground
93.6%
Alice In Wonderland
Painting the Roses Red
93.5%
Sleeping Beauty
The Skumps Song
93.4%
Dumbo
The Clown Song
93.4%
The Many Adventures of Winnie the Pooh
The Rain, Rain, Rain, Came Down, Down, Down
93.4%
Make Mine Music
The Martins and the Coys
93.4%
Winnie the Pooh
The Winner Song
93.3%
Hercules
The Gospel Truth
93.3%
Pocahontas
The Virginia Company
93.1%
Tarzan
Trashin' the Camp
93.1%
Make Mine Music
Casey At The Bat
93.1%
The Many Adventures of Winnie the Pooh
The Wonderful Thing About Tiggers
93%
Peter Pan
Following the Leader
93%
Alice In Wonderland
How D'Ye Do and Shake Hands
93%
Bolt
Barking at the Moon
92.9%
The Three Caballeros
The Three Caballeros
92.9%
Cinderella
So This Is Love
92.9%
Home on the Range
Wherever The Trail May Lead
92.8%
The Fox and the Hound
Appreciate the Lady
92.8%
Peter Pan
The Elegant Captain Hook
92.7%
The Great Mouse Detective
The World's Greatest Criminal Mind
92.7%
The Aristocats
The Aristocats
92.6%
The Adventures of Ichabod and Mr. Toad
Merrily on Our Way (to Nowhere in Particular)
92.6%
Meet the Robinsons
The Future Has Arrived
92.6%
Alice In Wonderland
The Caucus Race
92.5%
The Adventures of Ichabod and Mr. Toad
The Headless Horseman
92.5%
The Rescuers
The Journey
92.4%
Meet the Robinsons
The Motion Waltz (Emotional Commotion)
92.4%
The Emperor's New Groove
My Funny Friend and Me
92.4%
Winnie the Pooh
It's Gonna Be Great
91.7%
The Three Caballeros
Have You Ever Been to Bahia?
91.3%
Beauty and the Beast
Be Our Guest
91%
The Lion King
Be Prepared
90.4%
The Little Mermaid
Part of Your World
90.3%
Peter Pan
You Can Fly!
90.2%
Snow White and the Seven Dwarfs
Whistle While You Work
90%
The Jungle Book
Trust in Me
89.2%
Aladdin
Friend Like Me
88.1%
Treasure Planet
Always Know Where You Are
88%
Princess and the Frog
Gonna Take You There
87.9%
The Rescuers
Someone's Waiting for You
87.8%
Lilo and Stitch
He Mele No Lilo
87.6%
The Lion King
Circle of Life
87.2%
Tarzan
Son of Man
86.7%
Brother Bear
On My Way
86.1%
Tangled
When Will My Life Begin?
86%
Snow White and the Seven Dwarfs
Someday My Prince Will Come
85%
Frozen
In Summer
83.9%
Mulan
True to Your Heart
83.8%
Make Mine Music
Without You
83.6%
Peter Pan
Your Mother and Mine
83.6%
Tarzan
Strangers Like Me
83.5%
The Many Adventures of Winnie the Pooh
Rumbly in my Tumbly
83.1%
The Fox and the Hound
Best of Friends
82.6%
Home on the Range
Little Patch Of Heaven
82.3%
Mulan
Honor to us All
82.3%
Snow White and the Seven Dwarfs
I'm Wishing/One Song
80.5%
Princess and the Frog
Down in New Orleans
80.5%
Dumbo
Pink Elephants On Parade
80.2%
The Little Mermaid
Daughters of Triton
79.9%
Hercules
Zero to Hero
79.4%
Oliver and Company
Streets of Gold
79.1%
Meet the Robinsons
Where is Your Heart At?
79%
Lady and the Tramp
Peace on Earth
77.9%
Princess and the Frog
Ma Belle Evangeline
77.6%
The Fox and the Hound
Lack of Education
77.4%
Robin Hood
Not In Nottingham
77.3%
Robin Hood
Love
76.3%
The Great Mouse Detective
Goodbye, So Soon
75.4%
Winnie the Pooh
So Long
75.3%
Alice In Wonderland
Alice In Wonderland
74.7%
The Jungle Book
That's What Friends Are For
74.7%
Fun and Fancy Free
My Favorite Dream
73.5%
Wreck-
It Ralph
Wreck-It, Wreck-It Ralph
70.6%
Fun and Fancy Free
Fee Fi Fo Fum
69.7%
Dumbo
Look Out For Mr. Stork
69.6%
Brother Bear
No Way Out
69.5%
One Hundred and One Dalmatians
Cruella De Vil
68.6%
Aladdin
Prince Ali
67.9%
Princess and the Frog
When We're Human
67.8%
The Aristocats
Scales and Arpeggios
67.7%
Brother Bear
Look Through My Eyes
67.4%
Movie
Song
% Correct
Aladdin
One Jump Ahead
67.2%
Fun and Fancy Free
Fun and Fancy Free
66.7%
Make Mine Music
Johnny Fedora and Alice Bluebonnet
66.6%
The Jungle Book
My Own Home
66.4%
Pocahontas
Listen with Your Heart
66.3%
Hercules
One Last Hope
66%
The Hunchback of Notre Dame
Out There
65.4%
The Many Adventures of Winnie the Pooh
Heffalumps and Woozles
65.3%
The Rescuers
Tomorrow is Another Day
65.2%
Sleeping Beauty
One Gift
64.5%
The Lion King
Hakuna Matata
64.4%
Pinocchio
I've Got No Strings
64%
Beauty and the Beast
Something There
61.1%
Dumbo
Baby Mine
60.2%
Princess and the Frog
Almost There
58.9%
Beauty and the Beast
Belle
58.4%
Winnie the Pooh
Everything is Honey
58.4%
Frozen
Frozen Heart
57.9%
Mulan
Reflection
56.9%
Frozen
Reindeer(s) Are Better Than People
54.9%
Snow White and the Seven Dwarfs
Heigh-Ho
54.2%
Treasure Planet
I'm Still Here
51.9%
The Aristocats
She Never Felt Alone
49.9%
Robin Hood
Oo-de-lally
49.6%
Tangled
Mother Knows Best
49.6%
Bambi
Little April Shower
49.3%
Beauty and the Beast
Gaston
48.4%
Alice In Wonderland
I'm Late
48%
Pocahontas
Mine, Mine, Mine
47.5%
The Little Mermaid
Poor Unfortunate Souls
47.3%
Cinderella
Oh Sing, Sweet Nightingale
44%
Tarzan
Two Worlds
43.4%
Pinocchio
Little Wooden Head
43.3%
Make Mine Music
Two Silhouettes
43.1%
The Emperor's New Groove
Perfect World
43%
Aladdin
Arabian Nights
42.7%
The Aristocats
Thomas O'Malley Cat
42.2%
Meet the Robinsons
Little Wonders
41.9%
Melody Time
Little Toot
41.9%
Lady and the Tramp
La La Lu
41.5%
Frozen
Fixer Upper
39.5%
Lilo and Stitch
Hawaiian Roller Coaster Ride
38.5%
Cinderella
Bibbidi-Bobbidi-Boo
37.4%
The Hunchback of Notre Dame
Heaven's Light/Hellfire
37.4%
Pocahontas
Savages
36%
Alice In Wonderland
Very Good Advice
34.9%
Lady and the Tramp
Bella Notte
33.6%
Oliver and Company
Good Company
31.2%
Melody Time
Melody Time
30.9%
Sleeping Beauty
Sleeping Beauty
29.3%
The Hunchback of Notre Dame
Someday
29.2%
Cinderella
Cinderella
29.1%
Saludos Amigos
Saludos Amigos
29%
Robin Hood
Whistle-Stop
28.3%
The Little Mermaid
Fathoms Below
28.2%
The Little Mermaid
Les Poissons
27.8%
One Hundred and One Dalmatians
Dalmatian Plantation
26.8%
The Hunchback of Notre Dame
Topsy Turvy
25.9%
Home on the Range
Yodle-Adle-Eedle-Idle-Oo
24.1%
The Sword in the Stone
Mad Madame Mim
20.4%
Brother Bear
Great Spirits
19.8%
The Fox and the Hound
Goodbye May Seem Forever
19.8%
Alice In Wonderland
Old Father William
19.5%
The Many Adventures of Winnie the Pooh
Hip-Hip Pooh-ray!
19.4%
Snow White and the Seven Dwarfs
Bluddle-Uddle-Um-Dum
19.1%
Oliver and Company
Perfect Isn't Easy
19%
Tangled
Healing Incantation
18.3%
The Rescuers
Rescue Aid Society
18.1%
The Sword in the Stone
Higitus Figitus
17.7%
Dumbo
Casey Junior
17.4%
The Many Adventures of Winnie the Pooh
Mind Over Matter
16.7%
The Jungle Book
Colonel Hathi's March
16.2%
The Adventures of Ichabod and Mr. Toad
Ichabod
16.1%
One Hundred and One Dalmatians
Kanine Krunchies
15.3%
Brother Bear
Welcome
13.9%
Wreck-
It Ralph
Bug Hunt
13%
Alice In Wonderland
Twas Brillig
11.5%
The Adventures of Ichabod and Mr. Toad
Katrina
11.1%
The Three Caballeros
Mexico
11%
Melody Time
Trees
10.4%
Melody Time
Johnny Appleseed
10.1%
Melody Time
Pecos Bill
9.7%
Meet the Robinsons
Another Believer
8.3%
Fun and Fancy Free
Lazy Countryside
7.5%
The Three Caballeros
Lilongo
6.8%
Quiz Playlist
Details
Report
Send in Message
Add To Playlist
More Info:
List only includes songs from the Disney canon. Must be a song original to the movie. Reprises not included. Songs in credits are included.
Classic:
Type in answers that appear in a list
Quiz Source
Last Updated: May 20, 2017
Editor Pick in
Movies
Curator Pick in
Disney
Quiz Scoreboard
CHALLENGE
Sign Up to Join the Scoreboard
Show All
Scores
Hide
Comments
May contain spoilers
Recently Published
Presidents Visiting Landmarks
by Hejman
History
7m
An Introduction to Baseball
by treessimontrees
Sports
5m
Movies - When Are They Set?
by FPL_Elf
Movies
5m
More to Explore
Quiz From the Vault
Featured Blog Post
Where Did the Easter Bunny Come From?
hide this ad
You Might Also Like...
Tags
Disney Quiz
Movie Titles Quiz
Song Quiz
Today's Top Quizzes in Movies
Browse Movies
hide this ad
Today's Top Quizzes in Disney
Browse Disney
Top Contributed Quizzes in Movies
1
Pick 5 Posters: Directed by Spielberg
2
7-to-1: Pixar Characters
3
Pick 5 Posters: Lowest-Rated Spielberg
4
Pick 5 Posters: Directed by Scorsese
5
Pick 5 Posters: Star & Director
6
Sorting Actors
7
Sorting Actresses
8
12 Movies about Fictional 1960s Events
9
Multi-Oscar Nominations, One Movie, One Winner
10
Pick 5 Posters: Women Directed 2020s
Explore More
Trending Topics
Anime
Harry Potter
Crossword
NBA
Marvel
Disney
Kpop
Song
NFL
Soccer
Country
Pokémon
Puzzle
The Office
WWE
hide this ad
More By:
Tolkienite
Quiz
Plays
Rating
Category
Featured
Created
This Movie Is Not Suitable for Children
168,721
4.39
Movies
Feb 3, 2014
Figure Out The Lyrics (Grease)
110,561
4.48
Music
Nov 30, 2013
Movie Character Rainbow
103,328
4.32
Movies
Jun 19, 2013
Famous Colorful Characters
81,960
4.52
Entertainment
Nov 6, 2013
Henchmen, Sidekicks, and Subordinates
76,598
4.26
Entertainment
Aug 17, 2012
Go to Creator's Profile
Score Distribution
Quiz Creator Spotlight
Tolkienite
Follow
Send a Message
Quizzes Created
-
Created Quiz Play Count
-
More By This Creator
Popular Quizzes Today
1
Find the US States - No Outlines Minefield
2
Find the Countries of Europe - No Outlines Minefield
3
The Countries of the World
4
Find the US States
5
Popular People in 1961
6
US States
7
Risky Map Clicking: Biggest States A-Z
8
Movies - When Are They Set?
More Movies Quizzes
A Star Wars Quiz That's Not ‘Impossible'
Editor's Pick
Trending Quizzes
Risky Map Clicking: Least Populous States A-Z
1-10 Letter G Words
1-10 Letter F Words
Risky Map Clicking: Next State Alphabetically
Risky Map Clicking: Biggest States A-Z
Recently Updated
Leaping Animals
pecheneg
Reality TV Shows (A-Z)
bhenderson79
Rickey Henderson's Hall of Fame Teammates
pecheneg
Champions League XIs: Arsenal
pecheneg
Quick Pick: Celebrities in WWE's Hall of Fame
aduchscher
A-Z Keypad Blitz II
pecheneg
Multiple Oscar Actors
pecheneg
Mystery Phrase Blitz: Oscar 'Best Actors'
pecheneg
F. Scott Fitzgerald Novels
LTH
Pick 3 Villains
ddd62291
Trending Topics
Anime
Marvel
Crossword
NBA
Kpop
Disney
Harry Potter
NFL
Puzzle
WWE
Song
Soccer
Pokémon
The Office
Country
Your Account Isn't Verified!
In order to create a playlist on Sporcle, you need to verify the email address you used during registration. Go to your
Sporcle Settings
to finish the process.
Report this User
Report this user for behavior that violates our
Community Guidelines
.
Details:
Send Report
Go to the Sporcle.com Mobile Site →
Comments